000 00741cam a2200229 a 4500
001 16044969
005 20260311133752.0
008 100107s2011 nyua b 001 0 eng
020 _a9780073377339
_qhc : alk. paper
020 _a0073377333
_qhc : alk. paper
050 0 0 _aHG2040.5.U5
_bB78 2011
082 0 0 _a332.7/2
_222
100 1 _aBrueggeman, William B.
245 1 0 _aReal estate finance and investments /
_cWilliam B. Brueggeman, Jeffrey D. Fisher.
250 _a14th ed.
260 _aNew York :
_bMcGraw-Hill Irwin,
_cc2011.
300 _axviii, 760 p. :
_bill. ;
_c27 cm.
650 0 _aMortgage loans
_zUnited States.
650 0 _aReal property
_zUnited States
_xFinance.
700 1 _aFisher, Jeffrey D.
942 _2lcc
_cBK
_n0
999 _c8924
_d8924